000 00742nam a22002417a 4500
001 BR8702893
003 BR-BrBNA
005 20230928092540.0
007 ta
008 230509b bl.||||| |||| 00| 0 por d
040 _aBR-BrBNA
_bpor
_cBiblioteca Nacional de Agricultura
041 _a(Por)
072 _aQ04
090 _ Q04 BR8702893
110 1 _aSecretaria da Agricultura, Industria e Comercio do Estado de Sao Paulo, Sao Paulo (Brasil). Diretoria de Publicidade Agricola
245 1 _aAs substancias alimentares de procedencia animal
260 3 _aSao Paulo, SP (Brasil):
_c1941.
300 _a25 p.
650 _aALIMENTO ANIMAL
650 _aCOMPOSICAO DE ALIMENTO
909 _a202309
_bLucia
_c55
_dLucia Elande
942 _cBK
999 _c39744
_d39744